TH-SOF-1537-Adaptive Sliding Mode Control for Suspended Payload with Helicopter (Record no. 576747)
[ view plain ]
| 000 -LEADER | |
|---|---|
| fixed length control field | 00340nam a22001097a 4500 |
| 082 ## - DEWEY DECIMAL CLASSIFICATION NUMBER | |
| Classification number | 200 THE |
| 100 ## - MAIN ENTRY--PERSONAL NAME | |
| Personal name | HASSAAN AFZAL |
| 9 (RLIN) | 69498 |
| 245 ## - TITLE STATEMENT | |
| Title | TH-SOF-1537-Adaptive Sliding Mode Control for Suspended Payload with Helicopter |
| 260 ## - PUBLICATION, DISTRIBUTION, ETC. | |
| Place of publication, distribution, etc. | ISLAMABAD |
| Name of publisher, distributor, etc. | NUST COLLEGE OF EME |
| Date of publication, distribution, etc. | 2018 |
| 700 ## - ADDED ENTRY--PERSONAL NAME | |
| Personal name | Advisor DR. FAHAD MUMTAZ MALIK |
| 9 (RLIN) | 69499 |
| 942 ## - ADDED ENTRY ELEMENTS (KOHA) | |
| Koha item type | Computer Files |
| Withdrawn status | Lost status | Damaged status | Not for loan | Collection code | Permanent Location | Current Location | Shelving location | Date acquired | Total Checkouts | Full call number | Barcode | Date last seen | Price effective from | Koha item type |
|---|---|---|---|---|---|---|---|---|---|---|---|---|---|---|
| College of Electrical & Mechanical Engineering (CEME) | College of Electrical & Mechanical Engineering (CEME) | Reference | 12/24/2019 | 200 THE | TH-SOF-1537 | 06/28/2021 | 06/28/2021 | Computer Files |
